Italian-Americans and religion : an annotated bibliography /

Bibliographic Details
Main Author: Tomasi, Silvano M.
Other Authors: Stibili, Edward C.
Format: Book
Language:English
Published: New York : Center for Migration Studies, 1978.
Edition:1st ed.
Series:Bibliographies & documentation series.
Subjects:

MARC

Tag First Indicator Second Indicator Subfields
LEADER 00000cam a2200000 i 4500
001 in00000093705
005 20160105103853.0
008 790315s1978 nyu b 00110 eng
010 |a  76044921  
020 |a 0913256250 :  |c $14.95 
035 |a (OCoLC)04726255 
035 |9 AAL5554AM 
040 |a DLC  |c DLC  |d TXA  |d UtOrBLW 
043 |a n-us--- 
049 |a TXAM  |c [1159579] 
050 0 0 |a Z7757.U5  |b T65 
100 1 |a Tomasi, Silvano M. 
245 1 0 |a Italian-Americans and religion :  |b an annotated bibliography /  |c Silvano M. Tomasi and Edward C. Stibili ; with a foreword by John Tracy Ellis. 
250 |a 1st ed. 
264 1 |a New York :  |b Center for Migration Studies,  |c 1978. 
300 |a xiii, 222 pages ;  |c 24 cm. 
336 |a text  |b txt  |2 rdacontent 
337 |a unmediated  |b n  |2 rdamedia 
338 |a volume  |b nc  |2 rdacarrier 
490 1 |a [Bibliographies and documents series] 
500 |a Includes index. 
650 0 |a Italian Americans  |x Religion  |x Bibliography. 
700 1 |a Stibili, Edward C. 
830 0 |a Bibliographies & documentation series. 
999 |a MARS 
999 f f |s 7c53fec4-a389-36fd-90ed-0d1aa0ad6f06  |i 5deab3d0-b4c1-364a-8407-e548d0ddeca4  |t 0 
952 f f |p ric  |a Texas A&M University  |b Rellis Campus  |c Joint Library Facility  |d Remote Storage  |t 0  |e Z7757.U5 T65  |h Library of Congress classification  |i unmediated -- volume  |m A14842628043 
998 f f |a Z7757.U5 T65  |t 0  |l Remote Storage